Rachel Chinouriri - What A Devastating Turn of Events - Statistics

General Stats
  • This quiz has been taken 2 times
  • The average score is 6 of 16
Answer Stats
2024 What A Devastating Turn of Events % Correct
6 It Is What It Is
100%
9 My Blood
100%
2 The Hills
100%
8 What A Devastating Turn of Events
100%
5 All I Ever Asked
50%
1 Garden of Eden
50%
13 I Hate Myself
50%
12 Cold Call
0%
7 Dumb Bitch Juice
0%
15 Fun
0%
11 Marie Kondo
0%
4 My Everything
0%
3 Never Need You
0%
14 Pocket
0%
10 Robbed
0%
16 She Knows
0%
No matching quizzes found
Score Distribution
Percent of People with Each Score
Percentile by Number Answered
Your Score History
You have not taken this quiz